[Event "FIDE Open"]
[Site "Voronezh"]
[Date "2017.06.14"]
[Round "3.19"]
[White "Palkovich, Denis"]
[Black "Smirnov, Mark A."]
[Result "1-0"]
[WhiteElo "2147"]
[BlackElo "1762"]
[Annotator ""]
[Source ""]
[Remark ""]

1.f4 Nf6 2.Nf3 e6 3.b3 b6 4.Bb2 Bb7 5.e3 Be7 6.Be2 O-O 7.O-O
c5 8.a4 d5 9.d3 Nc6 10.Ne5 Qc7 11.Nd2 Nd7 12.Nxd7 Qxd7 13.Qe1
f5 14.Nf3 Bf6 15.Bxf6 Rxf6 16.d4 cxd4 17.exd4 Rc8 18.Bd3 Qc7
19.Qd2 a5 20.Rac1 Nb4 21.Ne5 Na2 22.Rce1 Nc3 23.Qe3 Ne4 24.c4
Rff8 25.Rc1 Qe7 26.Rc2 Rc7 27.Rfc1 Rfc8 28.h3 Qb4 29.Bxe4 fxe4
30.Kh2 h6 31.h4 dxc4 32.Rxc4 Rxc4 33.Rxc4 Rxc4 34.Nxc4 Bd5 35.Nd2
Kf7 36.h5 b5 37.axb5 Qxb5 38.Kg1 a4 39.bxa4 Qxa4 40.Kf2 Qd1 41.Qe2
Qa1 42.Qe3 Qd1 43.Nxe4 Bxe4 44.Qxe4 Qxh5 45.Qe5 Qh4+ 46.Kg1 Qg3
47.Qc7+ Kf6 48.Qe5+ Kf7 49.Qh5+ Kf6 50.Qe5+ Kf7 51.Qe4 Kf6 52.Kf1
Qg4 53.Qe5+ Kf7 54.Kf2 Qh4+ 55.Kf3 Qh1 56.Kg3 Qf1 57.Qh5+ Kf6
58.Qe5+ Kf7 59.Qe4 Qc1 60.Kf3 Qd2 61.f5 Qd1+ 62.Kg3 exf5 63.Qxf5+
Kg8 64.d5 Qe1+ 65.Kf4 Qf2+ 66.Ke5 Qxg2 67.Ke6 Qe2+ 68.Qe5 Qg4+
69.Ke7 Qg2 70.d6 Qb7+ 71.d7 g5 72.Qe6+ Kh7 73.Kf8 1-0

[Event "FIDE Open"]
[Site "Voronezh"]
[Date "2017.06.14"]
[Round "3.20"]
[White "Geranichev, Mikhail"]
[Black "Koshelev, Vladimir"]
[Result "1/2-1/2"]
[WhiteElo "2076"]
[BlackElo "1725"]
[Annotator ""]
[Source ""]
[Remark ""]

1.Nf3 d5 2.g3 Bg4 3.Bg2 Nd7 4.O-O e5 5.d3 Ngf6 6.Nbd2 c6 7.e4
d4 8.Re1 Be7 9.Nf1 O-O 10.h3 Bxf3 11.Qxf3 Bb4 12.Re2 h6 13.g4
Nh7 14.Qg3 Be7 15.Qh2 Bg5 16.Ng3 g6 17.h4 Bf4 18.Qh3 Kg7 19.Bd2
Rh8 20.Rf1 Ndf8 21.f3 Ng5 22.Qh2 Nge6 23.Bxf4 Nxf4 24.Ref2 Qb6
25.b3 Qc5 26.Ne2 Nxe2+ 27.Rxe2 g5 28.Qg3 Re8 29.a4 a5 30.Rb1
b5 31.axb5 cxb5 32.Qe1 b4 33.Ra1 Nh7 34.Ra2 Nf8 35.Qd2 f6 36.h5
Ne6 37.Re1 Ra8 38.Ra4 Rab8 39.Raa1 Rb5 40.Bf1 1/2-1/2

[Event "FIDE Open"]
[Site "Voronezh"]
[Date "2017.06.14"]
[Round "3.21"]
[White "Ivlev, Aleksandr"]
[Black "Katkov, Vitaly"]
[Result "0-1"]
[WhiteElo "1717"]
[BlackElo "2054"]
[Annotator ""]
[Source ""]
[Remark ""]

1.d4 Nf6 2.Nf3 e6 3.g3 b5 4.Bg2 Bb7 5.O-O Be7 6.b3 O-O 7.Bb2
c5 8.e3 d5 9.dxc5 Bxc5 10.Nbd2 Nbd7 11.Ne5 Rc8 12.Ndf3 Qc7 13.Nxd7
Nxd7 14.Bd4 e5 15.Bxc5 Qxc5 16.Rc1 b4 17.Bh3 f5 18.Ng5 Qe7 19.Nf3
Nc5 20.Bg2 Ne4 21.Re1 Rfd8 22.Qd3 Qd6 23.Nh4 Ba6 24.Qd1 Nc3 25.Qh5
g6 26.Qg5 Rf8 27.Bh3 Qf6 28.Qxf6 Rxf6 29.Bf1 Bxf1 30.Kxf1 Nxa2
31.Ra1 Rxc2 32.Re2 Rc1+ 33.Rxc1 Nxc1 34.Rb2 Rc6 35.Nf3 Nd3 36.Rb1
Rc2 37.Ne1 Rxf2+ 38.Kg1 Rb2 39.Rxb2 Nxb2 40.Nc2 a5 0-1

[Event "FIDE Open"]
[Site "Voronezh"]
[Date "2017.06.14"]
[Round "3.22"]
[White "Stroganova, Karina"]
[Black "Chernov, Vladimir S"]
[Result "0-1"]
[WhiteElo "1711"]
[BlackElo "2045"]
[Annotator ""]
[Source ""]
[Remark ""]

1.d4 d5 2.c4 c6 3.cxd5 cxd5 4.Nc3 Nf6 5.Bf4 Nc6 6.e3 a6 7.Rc1
e6 8.Bd3 Bd6 9.Bxd6 Qxd6 10.f4 Bd7 11.Nf3 Rc8 12.O-O O-O 13.Ne5
Ne8 14.Qh5 f5 15.Nf3 Nf6 16.Qh4 Be8 17.h3 Bh5 18.Ne5 Qd8 19.g4
Bg6 20.Nf3 Ne4 21.Ng5 Nxg5 22.Qxg5 Qxg5 23.fxg5 Nb4 24.Be2 b5
25.h4 fxg4 26.Bxg4 Rxf1+ 27.Rxf1 Re8 28.h5 Bd3 29.Rc1 Bf5 30.Bxf5
exf5 31.Rf1 Rxe3 32.Rxf5 g6 33.hxg6 hxg6 34.Nxd5 Re1+ 35.Rf1
Rxf1+ 36.Kxf1 Nxd5 37.Ke2 Kf7 38.Kd3 Ke6 39.Ke4 a5 0-1

[Event "FIDE Open"]
[Site "Voronezh"]
[Date "2017.06.14"]
[Round "3.23"]
[White "Bezgodova, Svetlana"]
[Black "Gerasimov, Vadim"]
[Result "0-1"]
[WhiteElo "2038"]
[BlackElo "1713"]
[Annotator ""]
[Source ""]
[Remark ""]

1.Nf3 d5 2.g3 c5 3.Bg2 Nc6 4.d4 e6 5.O-O Nf6 6.c4 dxc4 7.Na3
cxd4 8.Nxc4 Be7 9.Nfe5 Nxe5 10.Nxe5 O-O 11.Bd2 Qb6 12.Nc4 Qb5
13.Qb3 Bd7 14.Rfc1 Bc6 15.Qxb5 Bxb5 16.Bxb7 Rab8 17.Na5 Bd6 18.Bf3
e5 19.a4 Bd7 20.Nc4 e4 21.Bg2 Bc7 22.b4 Rfc8 23.b5 Nd5 24.Be1
f5 25.Rd1 Be6 26.Rxd4 Nb6 27.Nd6 Rd8 28.Bb4 Nd5 29.Rxd5 Bxd5
30.Nxf5 Kf7 31.Rc1 Be5 32.Ne3 Bb3 33.Bxe4 Rd4 34.Ng4 Rxe4 35.Nxe5+
Rxe5 36.Bd6 Rbe8 37.Rc7+ R5e7 38.Bxe7 Rxe7 39.Rxe7+ Kxe7 40.a5
Kd6 41.e4 Kc5 42.b6 axb6 43.axb6 Kxb6 0-1

[Event "FIDE Open"]
[Site "Voronezh"]
[Date "2017.06.14"]
[Round "3.24"]
[White "Strukov, Dmitry"]
[Black "Smiyan, Vladimir"]
[Result "1-0"]
[WhiteElo "1708"]
[BlackElo "1983"]
[Annotator ""]
[Source ""]
[Remark ""]

1.e4 e5 2.Nf3 Nf6 3.Nxe5 d6 4.Nf3 Nxe4 5.Nc3 Nf6 6.d4 d5 7.h3
Be7 8.Bd3 O-O 9.Be3 a6 10.Qd2 b5 11.O-O Bb7 12.Nh4 Ne4 13.Bxe4
dxe4 14.Nf5 Bf6 15.Ng3 Re8 16.Rad1 Bd5 17.a3 c6 18.Rfe1 Nd7 19.Bf4
g5 20.Be3 h6 21.Qe2 Bg7 22.Nf5 Qf6 23.g4 Nf8 24.Bc1 Ng6 25.Nxd5
cxd5 26.f3 Re6 27.fxe4 Rxe4 28.Qf3 Rae8 29.Rxe4 Rxe4 30.Nxh6+
Kf8 31.Qxf6 Bxf6 32.c3 Nf4 33.Bxf4 gxf4 34.Kf2 Re3 35.Kg2 Bh4
36.Nf5 Re2+ 37.Kf1 Rf2+ 38.Kg1 Bg3 39.Nxg3 fxg3 40.b4 Rf3 41.Rc1
Rf2 42.Rf1 Ra2 43.Rf3 g2 44.Rg3 Rc2 45.g5 Kg7 46.h4 Kg6 47.Rf3
Kh5 48.Rxf7 Kxh4 49.Rf2 Rc1+ 50.Kxg2 Kxg5 51.Rf3 Kg4 52.Re3 Kf4
53.Rh3 Ra1 54.Kf2 Ra2+ 55.Ke1 Ke4 56.Kd1 Rxa3 57.Kc2 a5 58.bxa5
Rxa5 59.Rh4+ Kf5 60.Rh5+ Ke6 61.Rh6+ Kd7 62.Kb3 Ra1 63.Kb4 Rc1
64.Rb6 Rb1+ 65.Kc5 Rb3 66.Rxb5 Rxc3+ 67.Kxd5 Rd3 68.Rb7+ Kc8
69.Rh7 Kd8 70.Ke5 Rd1 71.d5 Rg1 72.Kd6 Rg6+ 73.Ke5 Rg1 74.Rh6
Kd7 75.Rh7+ Kd8 76.Ke6 Rc1 77.Kd6 Ke8 78.Rh8+ Kf7 79.Kd7 Rd1
80.d6 Ra1 81.Rc8 Ra2 82.Rc7 Ra1 83.Kc6+ Kf6 84.Kd7 Rh1 85.Rc8
Kf7 86.Rc7 Rd1 87.Kc8+ 1-0

[Event "FIDE Open"]
[Site "Voronezh"]
[Date "2017.06.14"]
[Round "3.25"]
[White "Rozmetov, Aybek"]
[Black "Ternovskiy, Alexey"]
[Result "1-0"]
[WhiteElo "1978"]
[BlackElo "1707"]
[Annotator ""]
[Source ""]
[Remark ""]

1.d4 d5 2.g3 Nf6 3.Bg2 g6 4.Nf3 Bg7 5.O-O O-O 6.c4 c6 7.Nc3 b6
8.Ne5 Bb7 9.Qa4 a6 10.Rd1 b5 11.Qb3 dxc4 12.Nxc4 Qc7 13.Ne5 Nbd7
14.Bf4 Qc8 15.Rac1 Nxe5 16.dxe5 Nh5 17.Nd5 Qe6 18.Nb6 Nxf4 19.gxf4
Rad8 20.Rxd8 Rxd8 21.Qxe6 fxe6 22.Bxc6 Bxc6 23.Rxc6 Rd2 24.Nc8
Kf7 25.Rxa6 Rxb2 26.e3 b4 27.Ra7 Bf8 28.Nd6+ Kg8 29.Ne4 h6 30.Nc5
Kf7 31.Ra6 g5 32.Nxe6 gxf4 33.Nxf4 Bg7 34.Kg2 b3 35.axb3 Rxb3
36.e6+ Kg8 37.Ra8+ Kh7 38.Nd5 Rb7 39.Re8 1-0

[Event "FIDE Open"]
[Site "Voronezh"]
[Date "2017.06.14"]
[Round "3.26"]
[White "Malozemova, Darya"]
[Black "Kasantsev, Anatolij B."]
[Result "0-1"]
[WhiteElo "1680"]
[BlackElo "1961"]
[Annotator ""]
[Source ""]
[Remark ""]

1.d4 Nf6 2.Bf4 e6 3.Nf3 b6 4.e3 Bb7 5.Bd3 c5 6.c3 d6 7.Nbd2 Be7
8.h3 O-O 9.Qc2 Nc6 10.O-O-O Rc8 11.Kb1 cxd4 12.c4 e5 13.Bg5 Nb4
14.Qb3 Nxd3 15.Bxf6 Nxf2 16.Bxe7 Qxe7 17.exd4 Nxh1 18.Rxh1 e4
19.Qe3 Rfe8 20.Re1 d5 21.b3 a5 22.Ne5 f6 23.Nd3 a4 24.c5 Qf8
25.Nb2 bxc5 26.dxc5 Bc6 27.b4 f5 28.Rf1 Qf6 29.g4 d4 30.Qg3 e3
31.Rxf5 Qg6 32.Ndc4 Be4+ 33.Kc1 Bxf5 0-1

[Event "FIDE Open"]
[Site "Voronezh"]
[Date "2017.06.14"]
[Round "3.27"]
[White "Polukhin, Alexander"]
[Black "Pavlova, Natalia"]
[Result "0-1"]
[WhiteElo "1670"]
[BlackElo "1954"]
[Annotator ""]
[Source ""]
[Remark ""]

1.d4 d5 2.Bf4 Nf6 3.Nf3 c6 4.e3 e6 5.Bd3 Nbd7 6.Nbd2 Be7 7.c3
O-O 8.Ne5 c5 9.Qf3 Re8 10.Qh3 Nf8 11.Ndf3 Ne4 12.Bb5 Nd7 13.Nxd7
Bxd7 14.Bxd7 Qxd7 15.O-O f6 16.Rfd1 c4 17.Nd2 Nxd2 18.Rxd2 Qc6
19.Re2 Bf8 20.Rae1 e5 21.Bg3 e4 22.Rb1 b5 23.b3 cxb3 24.Rxb3
a5 25.Reb2 b4 26.Rc2 a4 27.Rb1 b3 28.axb3 axb3 29.Rcc1 Ba3 30.Rf1
Qxc3 31.Qd7 Rad8 32.Qa4 b2 33.Qb5 Qc4 34.Qb7 Qc3 35.Qb5 Re7 36.h3
Red7 37.Kh2 Qc4 38.Qa5 Bb4 39.Qb6 Bc3 40.Rfd1 Rc8 41.Qe6+ Rf7
42.Bd6 Qc6 0-1

[Event "FIDE Open"]
[Site "Voronezh"]
[Date "2017.06.14"]
[Round "3.28"]
[White "Grishchenko, Vladimir"]
[Black "Moshkin, Mikhail"]
[Result "0-1"]
[WhiteElo "1939"]
[BlackElo "1671"]
[Annotator ""]
[Source ""]
[Remark ""]

1.e4 c5 2.d3 Nc6 3.g3 g6 4.Bg2 Bg7 5.Nf3 d6 6.O-O Bg4 7.h3 Bd7
8.Nbd2 Nf6 9.Re1 O-O 10.Nf1 Ne8 11.Kh2 Nc7 12.c3 f5 13.exf5 Bxf5
14.g4 Be6 15.Ng3 Qd7 16.Be3 Nd5 17.Qd2 Nxe3 18.Qxe3 Bd5 19.c4
Bxf3 20.Bxf3 Nd4 21.Bd1 Be5 22.Kg2 Rf7 23.Rf1 Raf8 24.f3 Ne6
25.Rb1 Nf4+ 26.Kh2 Qe6 27.Re1 Qf6 28.b3 Qh4 0-1

[Event "FIDE Open"]
[Site "Voronezh"]
[Date "2017.06.14"]
[Round "3.29"]
[White "Rozmanov, Aleksandr"]
[Black "Gaglazov, Mikhail"]
[Result "1-0"]
[WhiteElo "1928"]
[BlackElo "1668"]
[Annotator ""]
[Source ""]
[Remark ""]

1.e4 e6 2.Nf3 d5 3.Nc3 Nf6 4.e5 Nfd7 5.d4 c5 6.dxc5 Bxc5 7.Bd3
Nc6 8.Bf4 Be7 9.h4 h6 10.Rh3 Rg8 11.h5 Bg5 12.Qd2 Ndxe5 13.Nxg5
Nxd3+ 14.Qxd3 hxg5 15.Qh7 Kf8 16.Bd2 e5 17.Rg3 Nd4 18.Bxg5 f6
19.Bh6 Bf5 20.Bxg7+ Kf7 21.Rg6 Bxg6 22.Qxg6+ Ke6 23.O-O-O Nf5
24.h6 d4 25.Ne4 Nxg7 26.hxg7 Qe7 27.g4 Qxg7 28.Qf5+ Ke7 29.g5
fxg5 30.Nc5 Kd6 31.Qe6+ Kxc5 32.b4+ Kb5 33.Qd5+ Kb6 34.Qc5+ Ka6
35.Qa5# 1-0

[Event "FIDE Open"]
[Site "Voronezh"]
[Date "2017.06.14"]
[Round "3.30"]
[White "Chervonenkis, Boris"]
[Black "Chekletsova, Darya"]
[Result "1-0"]
[WhiteElo "1918"]
[BlackElo "1657"]
[Annotator ""]
[Source ""]
[Remark ""]

1.e4 c5 2.Nf3 d6 3.d4 cxd4 4.Nxd4 Nf6 5.Nc3 e6 6.Bg5 Be7 7.f4
h6 8.Bh4 Nxe4 9.Bxe7 Nxc3 10.Qg4 Kxe7 11.bxc3 g6 12.Qg3 Bd7 13.Bd3
Nc6 14.Nf3 Qa5 15.O-O Qxc3 16.h4 Rag8 17.Kh1 Nd4 18.Nxd4 Qxd4
19.Rad1 Qf6 20.Be2 Bc6 21.Rfe1 g5 22.fxg5 Qe5 23.Qa3 hxg5 24.h5
Qg3 25.Qxg3 1-0

[Event "FIDE Open"]
[Site "Voronezh"]
[Date "2017.06.14"]
[Round "3.31"]
[White "Vasiljev, Ilya"]
[Black "Piskov, Vladimir A."]
[Result "0-1"]
[WhiteElo "1644"]
[BlackElo "1909"]
[Annotator ""]
[Source ""]
[Remark ""]

1.e4 g6 2.d4 Bg7 3.Nc3 d6 4.f4 d5 5.e5 Nh6 6.Be3 O-O 7.Nf3 f6
8.Bd3 Ng4 9.Bg1 fxe5 10.fxe5 Nh6 11.Be3 Bg4 12.O-O Nf5 13.Bxf5
Rxf5 14.h3 Bxf3 15.Rxf3 e6 16.Rxf5 gxf5 17.Ne2 Qh4 18.Nf4 Bh6
19.Qf3 Bxf4 20.Qxf4 Qxf4 21.Bxf4 Nd7 22.Kf2 Kf7 23.g4 Kg6 24.Rg1
fxg4 25.Rxg4+ Kf7 26.Bh6 Rg8 27.Rxg8 Kxg8 28.Bg5 Kf7 29.Ke3 c5
30.c3 cxd4+ 31.cxd4 Nb8 32.b4 a6 33.Kd3 Nc6 34.a3 Kg6 35.Bf6
Kf7 36.Kc3 b5 37.Bg5 Ke8 38.Bh6 Na7 39.Kb3 Nc6 40.Kc3 Kf7 41.Bg5
Kg6 42.h4 Kf5 43.Kd3 a5 44.bxa5 Nxa5 45.Bd8 Nc6 46.Bg5 b4 47.axb4
Nxb4+ 48.Kc3 Nc6 49.Kd3 Kg6 50.Bf6 Kf7 51.Ke3 Ke8 52.Bg5 Kd7
53.Kd3 Kc7 54.Kc3 Kb6 55.Bf6 Kb5 56.Bg7 Ne7 57.Bf6 Nf5 58.Kd3
Kb4 59.Bg5 Kb3 60.h5 Kb4 61.Bd2+ Kb5 62.Bf4 Kc6 63.Bg5 Kd7 64.Be3
Ke8 65.Ke2 Ng3+ 66.Kf3 Nxh5 0-1

[Event "FIDE Open"]
[Site "Voronezh"]
[Date "2017.06.14"]
[Round "3.32"]
[White "Nakonechny, Ignat"]
[Black "Knyazev, Pavel"]
[Result "1/2-1/2"]
[WhiteElo "1893"]
[BlackElo "1628"]
[Annotator ""]
[Source ""]
[Remark ""]

1.e4 c6 2.d4 d5 3.Nc3 dxe4 4.Nxe4 g6 5.Nf3 Bg7 6.c3 Nf6 7.Nxf6+
exf6 8.Be3 O-O 9.Bd3 Be6 10.Qc2 Nd7 11.Nd2 Nb6 12.c4 f5 13.Nf3
Qc7 14.O-O-O Rad8 15.g3 Qd7 16.h3 Rc8 17.Kb1 Rfd8 18.h4 f4 19.gxf4
Bg4 20.Ne5 Bxe5 21.fxe5 Bxd1 22.Qxd1 Qe6 23.Qe2 c5 24.dxc5 Na4
25.f4 Nxc5 26.Bc2 Na6 27.b3 Qc6 28.Rg1 Nb4 29.f5 Nxc2 30.Qxc2
Qf3 31.Bxa7 Qd3 32.Qxd3 Rxd3 33.h5 Rcd8 34.e6 fxe6 35.hxg6 exf5
36.gxh7+ Kxh7 37.Rg5 Rf3 38.Kc1 Kh6 39.Rg2 Kh5 40.Rg7 Rf1+ 41.Kc2
f4 42.Rxb7 f3 43.Rf7 Kg6 44.Rf4 Ra8 45.Be3 Rxa2+ 46.Kd3 Ra3 47.Kc3
Rb1 48.Rxf3 Rbxb3+ 49.Kd4 1/2-1/2

[Event "FIDE Open"]
[Site "Voronezh"]
[Date "2017.06.14"]
[Round "3.33"]
[White "Shcherbinin, Nikolay"]
[Black "Presnyakov, Kirill"]
[Result "0-1"]
[WhiteElo "1602"]
[BlackElo "1876"]
[Annotator ""]
[Source ""]
[Remark ""]

1.e4 e6 2.d4 d5 3.Nc3 Bb4 4.e5 Ne7 5.a3 Bxc3+ 6.bxc3 c5 7.Qg4
cxd4 8.cxd4 Qc7 9.Qxg7 Rg8 10.Qxh7 Qc3+ 11.Ke2 Qxa1 12.Be3 Bd7
13.Qd3 a6 14.c4 dxc4 15.Qc2 Qxa3 16.Kd2 c3+ 17.Qxc3 Qxc3+ 18.Kxc3
Nd5+ 19.Kd2 b5 20.Nf3 Nc6 21.g3 b4 22.Bc4 Nxe3 23.fxe3 Ne7 24.Ra1
a5 25.Kd3 Bc6 26.Nd2 Rh8 27.h4 Nf5 0-1

[Event "FIDE Open"]
[Site "Voronezh"]
[Date "2017.06.14"]
[Round "3.34"]
[White "Perch, Sofya"]
[Black "Ryumshin, Vladislav"]
[Result "1-0"]
[WhiteElo "1874"]
[BlackElo "1603"]
[Annotator ""]
[Source ""]
[Remark ""]

1.d4 d5 2.c4 c6 3.e3 e6 4.Nc3 Nd7 5.Nf3 f5 6.Bd3 Ngf6 7.O-O Be7
8.cxd5 cxd5 9.Ng5 O-O 10.Nxe6 Qb6 11.Nxf8 Nxf8 12.Qb3 Qd6 13.Bd2
N8d7 14.Bxf5 Nb6 15.Bxc8 Rxc8 16.Rac1 Nc4 17.Qd1 Nxb2 18.Qe2
Nc4 19.Rb1 Qa6 20.Rfd1 Nxd2 21.Qxd2 Qa5 22.Ne4 Qa6 23.Nxf6+ Bxf6
24.Rdc1 Rf8 25.Rc7 b6 26.Rc2 Be7 27.Qe2 Qa4 28.Qd3 Kh8 29.Qb3
Qa5 30.a4 Qa6 31.Qb5 Qb7 32.Rbc1 Ba3 33.Rc7 Qb8 34.Qd7 Rg8 35.R1c2
Qf8 36.Rc8 Qf6 37.Rxg8+ Kxg8 38.Qxd5+ Kh8 39.Rc8+ 1-0

[Event "FIDE Open"]
[Site "Voronezh"]
[Date "2017.06.14"]
[Round "3.35"]
[White "Stepanyan, Eva"]
[Black "Titov, Oleg"]
[Result "1-0"]
[WhiteElo "1856"]
[BlackElo "1598"]
[Annotator ""]
[Source ""]
[Remark ""]

1.e4 e5 2.Nf3 Nc6 3.Bb5 a6 4.Ba4 Nf6 5.d3 d6 6.c3 Be7 7.Nbd2
O-O 8.Nf1 b5 9.Bc2 Bb7 10.Ng3 d5 11.Qe2 dxe4 12.dxe4 Qd7 13.O-O
Rad8 14.Nf5 g6 15.Nxe7+ Qxe7 16.Bg5 Rd6 17.h3 Qd7 18.Be3 Rd8
19.Bc5 Re6 20.Bb3 Ree8 21.Ng5 Qd2 22.Qxd2 Rxd2 23.Bxf7+ Kg7 24.Bxe8
Nxe8 25.Rab1 Nf6 26.Be3 Rd6 27.Bc5 Rd7 28.Rbd1 h6 29.Nf3 Rxd1
30.Rxd1 Nxe4 31.Rd7+ Kf6 32.Be3 g5 33.Rxc7 Nd6 34.Bc5 Ne4 35.Rxb7
Nxc5 36.Rb6 1-0

[Event "FIDE Open"]
[Site "Voronezh"]
[Date "2017.06.14"]
[Round "3.36"]
[White "Elkina, Yuliya"]
[Black "Ter-Saakian, Grigorii"]
[Result "0-1"]
[WhiteElo "1591"]
[BlackElo "1844"]
[Annotator ""]
[Source ""]
[Remark ""]

1.f4 d5 2.Nf3 Nf6 3.e3 g6 4.b3 Bg7 5.Bb2 O-O 6.Be2 c5 7.O-O Nc6
8.Ne5 Bd7 9.d3 Qc7 10.Nd2 b5 11.h3 a5 12.a4 bxa4 13.Nxd7 Nxd7
14.Bxg7 Kxg7 15.Rxa4 Nb6 16.Qa1+ Kg8 17.Ra3 d4 18.e4 Ra7 19.Qb2
Rfa8 20.e5 a4 21.Rfa1 axb3 22.Rxa7 Rxa7 23.Rxa7 Qxa7 24.Nxb3
c4 25.Nc5 Qa5 26.Ne4 c3 27.Qb1 Nb4 28.Bd1 Qa3 29.Qb3 Qxb3 30.cxb3
c2 0-1

[Event "FIDE Open"]
[Site "Voronezh"]
[Date "2017.06.14"]
[Round "3.37"]
[White "Maraktanov, Andrey"]
[Black "Rudakov, Sergey S."]
[Result "0-1"]
[WhiteElo "1821"]
[BlackElo "1575"]
[Annotator ""]
[Source ""]
[Remark ""]

1.Nf3 d5 2.d4 Nf6 3.c4 e6 4.g3 c6 5.Bg2 Bd6 6.O-O Ne4 7.Nbd2
f5 8.Ne5 O-O 9.f3 Bxe5 10.dxe5 Qb6+ 11.Kh1 Nf2+ 12.Rxf2 Qxf2
13.b3 Nd7 14.f4 Qd4 15.Ba3 Re8 16.Qe1 Qb6 17.Bd6 Nc5 18.Rc1 Ne4
19.Bxe4 dxe4 20.c5 Qa6 21.a4 Qa5 22.Qd1 Qd8 23.Nc4 b5 24.Na3
bxa4 25.bxa4 Ba6 26.Nc2 g5 27.e3 gxf4 28.exf4 Kh8 29.Nd4 e3 30.Qb3
Qa5 31.Qxe3 Qxa4 32.g4 Bc4 33.g5 Bd5+ 34.Kg1 Qa2 35.Rc2 Qb1+
36.Kf2 Qh1 37.Qg3 Qe4 38.Rd2 a5 39.Qh4 Qg2+ 40.Ke3 Qg1+ 41.Rf2
Qc1+ 42.Rd2 Qg1+ 43.Rf2 Qe1+ 44.Ne2 Rab8 0-1

[Event "FIDE Open"]
[Site "Voronezh"]
[Date "2017.06.14"]
[Round "3.38"]
[White "Teryaeva, Valeria"]
[Black "Kuritsina, Zlata"]
[Result "0-1"]
[WhiteElo "1814"]
[BlackElo "1538"]
[Annotator ""]
[Source ""]
[Remark ""]

1.e4 c6 2.Nf3 d5 3.Nc3 Nf6 4.e5 Ne4 5.d4 Nxc3 6.bxc3 Bg4 7.Rb1
Qc7 8.c4 e6 9.cxd5 cxd5 10.Bd3 Nc6 11.c3 Be7 12.O-O O-O 13.Be3
Na5 14.Qe2 Rac8 15.Rfc1 a6 16.a4 Qc6 17.Rc2 Nc4 18.Bxc4 dxc4
19.Rcb2 Bf5 20.Ra1 Qd5 21.Nd2 Rfd8 22.a5 Rd7 23.Ra4 Bd3 24.Qg4
Kh8 25.f3 Bd8 26.Rba2 Qc6 27.Ne4 Rd5 28.Nd6 Rc7 29.Bg5 Bxg5 30.Qxg5
Rxd6 31.exd6 Qxd6 32.Rb4 h6 33.Qe3 Qd5 34.Qf4 Rd7 35.Qb8+ Kh7
36.Qf8 Qg5 37.Rab2 Qe3+ 0-1

[Event "FIDE Open"]
[Site "Voronezh"]
[Date "2017.06.14"]
[Round "3.39"]
[White "Ismailov, Samir"]
[Black "Savoskin, Vladimir"]
[Result "0-1"]
[WhiteElo "1517"]
[BlackElo "1810"]
[Annotator ""]
[Source ""]
[Remark ""]

1.d4 Nf6 2.Nf3 d5 3.c4 e6 4.Nc3 Bb4 5.Bg5 c6 6.e3 Qa5 7.Qb3 Ne4
8.Rc1 Nxg5 9.Nxg5 dxc4 10.Bxc4 Bxc3+ 11.bxc3 Qxg5 12.O-O O-O
13.Bd3 Nd7 14.f4 Qe7 15.e4 c5 16.e5 b6 17.Qc2 g6 18.Rf3 Bb7 19.Rh3
cxd4 20.c4 Nc5 21.Rd1 Nxd3 22.Qxd3 Rad8 23.Qg3 d3 24.Rh6 Kg7
25.Rh3 Be4 26.Qe3 Bf5 27.Rg3 d2 28.Kf1 Rd3 29.Qf2 Rxg3 30.hxg3
Rd8 31.Rxd2 Rxd2 32.Qxd2 Qc5 33.Qd8 Qxc4+ 34.Kg1 Qc5+ 35.Kh2
Qf8 36.Qc7 Be4 37.Qc4 Bd5 38.Qc7 h5 39.a4 Qa8 0-1

[Event "FIDE Open"]
[Site "Voronezh"]
[Date "2017.06.14"]
[Round "3.40"]
[White "Mezhov, Dmitriy"]
[Black "Kobozev, Aleksandr"]
[Result "1-0"]
[WhiteElo "1809"]
[BlackElo "1497"]
[Annotator ""]
[Source ""]
[Remark ""]

1.d4 d5 2.c4 dxc4 3.Nc3 Nf6 4.e4 e6 5.Bxc4 Bb4 6.Bg5 h6 7.Bxf6
Qxf6 8.Nf3 Qg6 9.Qd3 Nc6 10.O-O O-O 11.Qe3 a6 12.Ne2 b5 13.Bd3
f5 14.Rac1 Bb7 15.exf5 exf5 16.Nf4 Qd6 17.Qe6+ Qxe6 18.Nxe6 Rf7
19.d5 Ne7 20.Nxc7 Rd8 21.Bc2 Rc8 22.Bb3 Bd6 23.Rfd1 Kh7 24.Ne6
Rxc1 25.Rxc1 Nxd5 26.Rd1 Re7 27.Nd8 Nf4 28.Nxb7 Bb4 29.Nd6 Rc7
30.g3 Ne2+ 31.Kg2 Nc1 32.Nxf5 Nxb3 33.axb3 a5 34.Rd5 Rc2 35.Rxb5
Rxb2 36.Rb7 Bc5 37.N3d4 Rd2 38.Rxg7+ Kh8 39.Rd7 Bb4 40.Rd8+ 1-0

[Event "FIDE Open"]
[Site "Voronezh"]
[Date "2017.06.14"]
[Round "3.41"]
[White "Romanov, Maksim"]
[Black "Stepanischev, Gregory"]
[Result "1-0"]
[WhiteElo "1452"]
[BlackElo "1799"]
[Annotator ""]
[Source ""]
[Remark ""]

1.d4 Nf6 2.Nf3 g6 3.e3 Bg7 4.Bd3 O-O 5.O-O d6 6.Nbd2 Bg4 7.h3
Bc8 8.c3 Nc6 9.e4 e5 10.d5 Ne7 11.Re1 h6 12.Nf1 Ne8 13.a4 f5
14.a5 a6 15.c4 c5 16.Bd2 f4 17.b4 cxb4 18.Bxb4 g5 19.N1h2 Ng6
20.c5 h5 21.cxd6 g4 22.d7 Bxd7 23.Bxf8 Bxf8 24.Nd2 Qg5 25.hxg4
hxg4 26.Rc1 Bb4 27.Be2 Nf6 28.Rc7 g3 29.fxg3 Bxd2 30.Qxd2 Nxe4
31.Qd3 Bf5 32.g4 Qh4 33.Rf1 Ng3 34.gxf5 e4 35.Qc2 Nf8 36.Qb2
Qh6 37.Bc4 Nxf5 38.d6+ Ne6 39.Bxe6+ 1-0

[Event "FIDE Open"]
[Site "Voronezh"]
[Date "2017.06.14"]
[Round "3.42"]
[White "Volovich, Evgeny"]
[Black "Egorov, Alexey"]
[Result "0-1"]
[WhiteElo "1353"]
[BlackElo "1794"]
[Annotator ""]
[Source ""]
[Remark ""]

1.e4 c6 2.d4 d5 3.exd5 cxd5 4.Bd3 Nc6 5.c3 Nf6 6.h3 e5 7.dxe5
Nxe5 8.Qe2 Ne4 9.Bxe4 dxe4 10.Qxe4 Bd6 11.Nf3 O-O 12.O-O Re8
13.Nxe5 Bxe5 14.Qf3 Qc7 15.Be3 Bd7 16.Nd2 Bc6 17.Qe2 Re6 18.f3
Rae8 19.f4 Bf6 0-1

[Event "FIDE Open"]
[Site "Voronezh"]
[Date "2017.06.14"]
[Round "3.44"]
[White "Yudakov, Alexey"]
[Black "Tatarintsev, Egor"]
[Result "0-1"]
[WhiteElo "1556"]
[BlackElo "2085"]
[Annotator ""]
[Source ""]
[Remark ""]

1.e4 c5 2.d4 cxd4 3.c3 Nf6 4.e5 Nd5 5.cxd4 d6 6.Nf3 Nc6 7.Bc4
Nb6 8.Bb3 e6 9.O-O Be7 10.Nc3 O-O 11.Bf4 dxe5 12.dxe5 Qxd1 13.Rfxd1
Bd7 14.Be3 Rfd8 15.Bxb6 axb6 16.Ne4 Be8 17.Rxd8 Rxd8 18.Rd1 Rxd1+
19.Bxd1 Nb4 20.a3 Bc6 21.Nd6 Nd3 22.Nc8 Bd8 23.b4 Kf8 24.Bc2
Nf4 25.Bd1 Bc7 26.Na7 Bd7 27.Nd4 Bxe5 28.Nab5 Bf6 29.Ne2 Nh3+
30.gxh3 Bxb5 31.a4 Bc4 32.b5 Ke7 33.Nf4 Kd6 34.Nh5 Bd4 35.Ng3
f5 36.Ne2 e5 37.Nxd4 exd4 38.f3 Kc5 39.Kf2 Kb4 40.Ke1 Kc3 41.f4
Bd5 42.Ke2 Bb3 43.Bxb3 Kxb3 44.Kd3 Kxa4 0-1

[Event "FIDE Open"]
[Site "Voronezh"]
[Date "2017.06.14"]
[Round "3.45"]
[White "Astakhov, Alexander"]
[Black "Zaitseva, Lyudmila"]
[Result "0-1"]
[WhiteElo "1798"]
[BlackElo "1922"]
[Annotator ""]
[Source ""]
[Remark ""]

1.c4 e5 2.Nc3 Nc6 3.e3 d6 4.Nge2 g6 5.g3 Bg7 6.Bg2 Nf6 7.O-O
O-O 8.d4 Ne8 9.d5 Ne7 10.e4 f5 11.f4 Bd7 12.Bd2 c5 13.Rc1 a6
14.a4 Rb8 15.b3 fxe4 16.Nxe4 b5 17.axb5 axb5 18.fxe5 Rxf1+ 19.Qxf1
Bxe5 20.Bc3 Bxc3 21.Rxc3 Nf5 22.Rf3 Qe7 23.Rf4 Ne3 24.Qf3 Nxg2
25.Qxg2 bxc4 26.bxc4 Rb1+ 27.Rf1 Rb4 28.h4 Rxc4 29.Ng5 Bf5 30.Nf4
Qe3+ 31.Kh1 Rc2 32.Qg1 Be4+ 33.Nxe4 Qxe4+ 34.Ng2 Qxd5 35.Re1
Nf6 36.Qf1 Ne4 37.Kh2 Rf2 38.Qg1 Rb2 39.Qe3 Nf6 40.Qg1 Ng4+ 41.Kh1
Nf2+ 42.Kh2 Qf5 43.Re8+ Kf7 44.Qe1 Qh3+ 0-1

[Event "FIDE Open"]
[Site "Voronezh"]
[Date "2017.06.14"]
[Round "3.46"]
[White "Gerasko, Viacheslav"]
[Black "Koptev, Ruslan"]
[Result "1-0"]
[WhiteElo "1907"]
[BlackElo "1720"]
[Annotator ""]
[Source ""]
[Remark ""]

1.d4 Nf6 2.c4 c5 3.Nf3 cxd4 4.Nxd4 Nc6 5.e3 g6 6.Be2 Bg7 7.Nc3
O-O 8.O-O d6 9.a3 Nxd4 10.exd4 Bf5 11.Bf3 Qc7 12.b3 a6 13.Re1
e5 14.dxe5 dxe5 15.Nd5 Nxd5 16.Bxd5 e4 17.Ra2 Rfe8 18.g4 e3 19.Rxe3
Bb1 20.Rae2 Be5 21.f4 Qd7 22.fxe5 Qxg4+ 23.Rg3 Qh5 24.Qf1 Bf5
25.Rg5 Qh4 26.Qxf5 Qd4+ 27.Be3 Qd1+ 28.Kf2 Rf8 29.Re1 Qxb3 30.Rxg6+
hxg6 31.Qxg6+ 1-0

[Event "FIDE Open"]
[Site "Voronezh"]
[Date "2017.06.14"]
[Round "3.47"]
[White "Ioffe, Evgeny"]
[Black "Foshenko, Kirill"]
[Result "1-0"]
[WhiteElo "2155"]
[BlackElo "1710"]
[Annotator ""]
[Source ""]
[Remark ""]

1.e4 e6 2.d4 d5 3.Nd2 Nf6 4.e5 Nfd7 5.c3 c5 6.Bd3 Nc6 7.Ne2 Rb8
8.O-O b5 9.Nf3 a5 10.Nf4 Be7 11.Be3 b4 12.g3 bxc3 13.bxc3 cxd4
14.cxd4 Rb2 15.h4 h6 16.Nh2 Nb4 17.Nxe6 fxe6 18.Bg6+ Kf8 19.Qf3+
Nf6 20.exf6 Bxf6 21.Ng4 Rxa2 22.Rxa2 Nxa2 23.Bf4 Ke7 24.Ne5 Nb4
25.Qc3 Bxe5 26.Bxe5 Kd7 27.Qc5 1-0

[Event "FIDE Open"]
[Site "Voronezh"]
[Date "2017.06.14"]
[Round "3.48"]
[White "Bitkinin, Lenar"]
[Black "Belov, Aleksei"]
[Result "1-0"]
[WhiteElo "2094"]
[BlackElo "1625"]
[Annotator ""]
[Source ""]
[Remark ""]

1.d4 d5 2.Nf3 Nf6 3.c4 c6 4.Nc3 dxc4 5.a4 Bf5 6.e3 e6 7.Bxc4
Bb4 8.O-O O-O 9.Qe2 Nbd7 10.Rd1 Qe7 11.e4 Bg6 12.e5 Nd5 13.Ne4
Qd8 14.Bg5 Qb6 15.Nh4 Bxe4 16.Qxe4 Be7 17.Bxe7 Nxe7 18.b3 Nd5
19.Rd3 Rfd8 20.Rh3 Nf8 21.Nf3 Ng6 22.a5 Qb4 23.Ng5 Qe7 24.Rg3
Ndf4 25.h4 Rd7 26.Rg4 Rad8 27.Rxf4 Nxf4 28.Qxh7+ 1-0